000 00271nam a2200109Ia 4500
008 190914s9999||||xx |||||||||||||| ||und||
100 _aM. Saeed Nasir
245 0 _aEconomics Of Pakistan For B.Com & B.A
260 _aCanada
_bPearson
_c2005
300 _a350
942 _cBK
999 _c9850
_d9850